| 000 | 00000nam 2200000za 4500 |
| 001 | 9.822422 |
| 003 | CaOODSP |
| 005 | 20221107143658 |
| 007 | cr ||||||||||| |
| 008 | 160810s1994 onc|||||o f|0| 0 fre d |
| 040 | |aCaOODSP|bfre |
| 043 | |an-cn--- |
| 086 | 1 |aE100-2/2-89-1904-11F-PDF |
| 110 | 1 |aCanada.|bSecrétariat binational. |
| 245 | 10|aDans l'affaire du porc frais, frigorifié ou congelé du Canada |h[ressource électronique] : |bavis et ordonnance de renvoi. |
| 246 | 1 |iEn tête du titre : |aRévision par un Groupe spécial binational aux termes de l'accord de libre-échange entre le Canada et les États-Unis |
| 260 | |aOttawa : |b[Secrétariat binational, Accord de libre-échange Canada et États-Unis], |cc1994. |
| 300 | |aEn pagination multiple. |
| 500 | |aPublié aussi en anglais sous le titre : In the matter of fresh, chilled, or frozen pork from Canada. |
| 504 | |aComprend des références bibliographiques. |
| 692 | 07|2gccst|aIndustrie agro-alimentaire |
| 692 | 07|2gccst|aLibre-échange |
| 692 | 07|2gccst|aCommerce extérieur |
| 775 | 08|tIn the matter of fresh, chilled, or frozen pork from Canada|w(CaOODSP)9.822419 |
| 856 | 40|qPDF|s7.07 Mo|uhttps://publications.gc.ca/collections/collection_2016/alena-sec-nafta/E100-2-2-89-1904-11-fra.pdf |
| 986 | |aUSA-89-1904-11 |